Accountant in Business (Record no. 6151)

MARC details
005 - DATE AND TIME OF LATEST TRANSACTION
control field 20250628180654.0
020 ## - INTERNATIONAL STANDARD BOOK NUMBER
International Standard Book Number 978-1-84710-983-5
100 ## - MAIN ENTRY--PERSONAL NAME
Author name ACCA
245 ## - TITLE STATEMENT
Title Accountant in Business
260 ## - PUBLICATION, DISTRIBUTION, ETC.
Place of publication, distribution, etc. Berkshire
Name of publisher, distributor, etc. Kaplan Publishing
Date of publication, distribution, etc. 2010
300 ## - PHYSICAL DESCRIPTION
Extent x, 110p.:
Dimensions 26cm
942 ## - ADDED ENTRY ELEMENTS (KOHA)
Source of classification or shelving scheme Dewey Decimal Classification
Koha item type Books
Holdings
Date last seen Total checkouts Full call number Barcode Cost, replacement price Price effective from Koha item type Lost status Source of classification or shelving scheme Damaged status Not for loan Withdrawn status Home library Current library Shelving location Date acquired Source of acquisition Cost, normal purchase price
06/28/2025   678 ACC MBY0001018 45000.00 06/28/2025 Books   Dewey Decimal Classification       CBE MBEYA CBE MBEYA General Collection 06/28/2025 DONATION 15000.00
06/28/2025   678 ACC MBY0001019 45000.00 06/28/2025 Books   Dewey Decimal Classification       CBE MBEYA CBE MBEYA General Collection 06/28/2025 DONATION 15000.00
06/28/2025   678 ACC MBY0001020 45000.00 06/28/2025 Books   Dewey Decimal Classification       CBE MBEYA CBE MBEYA General Collection 06/28/2025 DONATION 15000.00
06/28/2025   678 ACC MBY0001024 45000.00 06/28/2025 Books   Dewey Decimal Classification       CBE MBEYA CBE MBEYA General Collection 06/28/2025 DONATION 15000.00